01399naa a2200205 a 450000100080000000500110000800800410001910000150006024501080007526000090018352007970019265300120098965300170100165300180101865300210103670000140105770000200107170000190109177300830111011237262015-04-24 2014 bl uuuu u00u1 u #d1 aGRAEFF, A. aFatores de interfer??ncia na produtividade de peixes - Indicadores de qualidade.h[electronic resource] c2014 aCom intuito de identificar fatores de interfer??ncias no sistema de cultivo de peixes este trabalho tem o prop??sito de quantificar os indicadores de qualidade em tr??s munic??pios catarinenses em 21 propriedades com viveiros enquadrados como pequenos, m??dios e grandes, ou seja com dimens??es de at?? 2.000 m2, entre 2.001 a 5.000 m2 e acima de 5.001 m2 respectivamente, para que o produtor tenha possibilidade de poder corrigir seus desvios ou falhas para alcan??ar produtividades maiores com pequenos ajustes. Pois um dos grandes questionamentos sobre a aq??icultura ?? avaliar a sustentabilidade desta atividade e suas conseq????ncias ecol??gicas e socioecon??micas, e tamb??m como as leis de prote????o ambiental em vigor poderiam contribuir de forma efetiva para o seu desenvolvimento. agest??o apiscicultura aprodutividade asustentabilidade1 aERBES, B.1 aTEIXEIRA, C. R.1 aSEGALIN, C. A. tRevista Electronica de Veterinaria, Zaragosa-ESgv. 15, n. 10, p. 01-16, 2014.